<?xml version="1.0" encoding="UTF-8"?>
<record
    xmlns:xsi="http://www.w3.org/2001/XMLSchema-instance"
    xsi:schemaLocation="http://www.loc.gov/MARC21/slim http://www.loc.gov/standards/marcxml/schema/MARC21slim.xsd"
    xmlns="http://www.loc.gov/MARC21/slim">

  <leader>00788nam a22002417a 4500</leader>
  <controlfield tag="005">20170124110222.0</controlfield>
  <datafield tag="010" ind1=" " ind2=" ">
    <subfield code="a">B-008699</subfield>
  </datafield>
  <datafield tag="020" ind1=" " ind2=" ">
    <subfield code="c">550.00</subfield>
  </datafield>
  <datafield tag="035" ind1=" " ind2=" ">
    <subfield code="a">B-008699</subfield>
  </datafield>
  <datafield tag="037" ind1=" " ind2=" ">
    <subfield code="b">Cen Lib/Ret</subfield>
  </datafield>
  <datafield tag="040" ind1=" " ind2=" ">
    <subfield code="a">DPL</subfield>
    <subfield code="b">EN</subfield>
  </datafield>
  <datafield tag="082" ind1=" " ind2=" ">
    <subfield code="a">338.642</subfield>
    <subfield code="b">VYA </subfield>
  </datafield>
  <datafield tag="100" ind1=" " ind2=" ">
    <subfield code="a">Vyas, Jay Narayan </subfield>
    <subfield code="9">37866</subfield>
  </datafield>
  <datafield tag="245" ind1=" " ind2=" ">
    <subfield code="a">Small scale industry hand book /</subfield>
    <subfield code="c">by Jay Narayan Vyas, D.R. Patel [and] Ashish Joshi</subfield>
  </datafield>
  <datafield tag="260" ind1=" " ind2=" ">
    <subfield code="a">Ahemedabad</subfield>
    <subfield code="b">Sapna industrial and allied publications </subfield>
  </datafield>
  <datafield tag="270" ind1=" " ind2=" ">
    <subfield code="b">Ahemedabad</subfield>
    <subfield code="a">101, Shreyas.opp, Jain temple, Navragpura </subfield>
    <subfield code="e">380009</subfield>
  </datafield>
  <datafield tag="300" ind1=" " ind2=" ">
    <subfield code="a">336p.</subfield>
    <subfield code="c">23cm(Hb)</subfield>
  </datafield>
  <datafield tag="650" ind1=" " ind2=" ">
    <subfield code="a">Industry development </subfield>
    <subfield code="9">40131</subfield>
  </datafield>
  <datafield tag="650" ind1=" " ind2=" ">
    <subfield code="a">Small scale industry</subfield>
    <subfield code="z"> </subfield>
    <subfield code="9">40132</subfield>
  </datafield>
  <datafield tag="700" ind1=" " ind2=" ">
    <subfield code="a">Patel, D.R.</subfield>
    <subfield code="9">40129</subfield>
  </datafield>
  <datafield tag="700" ind1=" " ind2=" ">
    <subfield code="a">Joshi, Ashish</subfield>
    <subfield code="9">40130</subfield>
  </datafield>
  <datafield tag="942" ind1=" " ind2=" ">
    <subfield code="2">ddc</subfield>
    <subfield code="c">EN</subfield>
    <subfield code="h">338.642</subfield>
    <subfield code="m">VYA</subfield>
  </datafield>
  <datafield tag="999" ind1=" " ind2=" ">
    <subfield code="c">134223</subfield>
    <subfield code="d">134223</subfield>
  </datafield>
  <datafield tag="952" ind1=" " ind2=" ">
    <subfield code="0">0</subfield>
    <subfield code="1">0</subfield>
    <subfield code="4">0</subfield>
    <subfield code="7">1</subfield>
    <subfield code="8">REF</subfield>
    <subfield code="a">L</subfield>
    <subfield code="b">L</subfield>
    <subfield code="d">2015-07-29</subfield>
    <subfield code="e">Cen Lib/Ret</subfield>
    <subfield code="g">550.00</subfield>
    <subfield code="l">0</subfield>
    <subfield code="o">338.642 VYA</subfield>
    <subfield code="p">B-008699</subfield>
    <subfield code="r">2015-07-29 00:00:00</subfield>
    <subfield code="t">1</subfield>
    <subfield code="v">550.00</subfield>
    <subfield code="w">2015-07-29</subfield>
    <subfield code="y">EN</subfield>
  </datafield>
</record>
